| 000 | 00920 a2200205 4500 | ||
|---|---|---|---|
| 020 | _a0070593396 | ||
| 020 | _a9780070593398 | ||
| 082 | 0 | 4 | _a658.1511 |
| 090 |
_c2691 _d2691 |
||
| 100 | 1 | _aHilton, Ronald W. | |
| 245 | 1 | 0 |
_aManagerial accounting / _cRonald W. Hilton. |
| 250 | _a4th ed. | ||
| 260 |
_a[S.l.] : _bMcgraw-Hill College, _c1998. |
||
| 300 |
_a816 p. ; _c29 cm. |
||
| 500 | _aHardcover. | ||
| 520 | _aThe emphasis of this text is to teach students how to use and interpret accounting information in managing an organization. It includes: coverage of contemporary topics; a balanced use of service/retail/non-profit and manufacturing companies; and a company focus per chapter. | ||
| 856 | 4 | 0 |
_3Amazon.com _uhttp://www.amazon.com/exec/obidos/ASIN/0070593396/chopaconline-20 |
| 856 | 4 | 0 |
_3Amazon customer reviews _uhttp://www.chopac.org/cgi-bin/tools/azrev.pl?q=0070593396 |
| 942 |
_aNBS _cBK _k658.1511 HIL |
||
| 999 |
_c345182 _d345182 |
||